[Event "Olympiad-32"]
[Site "Yerevan"]
[Date "1996.09.28"]
[Round "12.1"]
[White "Hansen, Curt"]
[Black "Murshed, Niaz"]
[Result "1-0"]
[WhiteElo "2595"]
[BlackElo "2510"]
[Annotator "Chekhov,V"]
[PlyCount "79"]
[EventDate "1996.09.15"]
[EventType "team-swiss"]
[EventRounds "14"]
[EventCountry "ARM"]
[SourceTitle "CBM 055"]
[Source "ChessBase"]
[SourceDate "1996.12.01"]
[SourceVersion "1"]
[SourceVersionDate "1996.12.01"]
[SourceQuality "1"]
[WhiteTeam "Denmark"]
[BlackTeam "Bangladesh"]
[WhiteTeamCountry "DEN"]
[BlackTeamCountry "BAN"]

1. d4 d5 2. c4 c6 3. Nc3 Nf6 4. Nf3 e6 5. Bg5 dxc4 6. e4 b5 7. e5 h6 8. Bh4 g5
9. Nxg5 hxg5 10. Bxg5 Nbd7 11. exf6 Qa5 (11... Bb7 $5) 12. g3 b4 13. Ne4 Ba6
14. Qf3 O-O-O 15. Be2 (15. b3 $5 cxb3 16. Bxa6+ Qxa6 17. Qxb3 Qb5 18. Rc1 Nb6
19. Be3 a5 20. Qc2 Kb7 21. Qe2 $16 {Kasparov,G-Miles,A/Basel/1986/1|0/28/})
15... Qd5 (15... Nb6 16. Be3 Bb7 17. O-O c5 18. dxc5 Na4 19. Bxc4 Nxb2 20. c6
Bxc6 21. Rac1 Kb7 22. Bxe6 fxe6 23. Rxc6 Kxc6 24. Rc1+ Kd7 25. f7 $16 {
Magerramov,E-Oll,L/Klaipeda/1988/1|0/29/}) 16. O-O (16. Be3 $5 c5 17. Nxc5 (17.
Ng5 Bb7 18. O-O Qxg5 19. Qxb7+ Kxb7 20. Bxg5 cxd4 21. Bxc4 Ne5 22. Be2 d3 $146
{Bekker Jensen,S-Pedersen,N/Copenhagen/1996/0|1/31/}) 17... Nxc5 18. dxc5 Bb7
19. Qxd5 Bxd5 20. f3 Bh6 21. Kf2 Bxe3+ 22. Kxe3 $16 {Lalev,D-Karaklajic,N/
Belgrade/1991/1|0/50/}) 16... c5 17. dxc5 Nxc5 (17... Bb7 18. Nd6+ Bxd6 19.
Qxd5 Bxd5 20. cxd6 Ne5 (20... Nb6 $5 21. f3 Rxd6 22. h4 $16) 21. f4 $16) 18.
Nxc5 Bxc5 19. Rfd1 Qxg5 (19... Qxf3 20. Bxf3 Kc7 21. h4 Kb6 $44) 20. Qc6+ Kb8
21. Rxd8+ Rxd8 22. Qxa6 Qxf6 23. Rf1 c3 24. bxc3 Qxc3 25. Kg2 Bb6 26. Bf3 Qc8
27. Qe2 (27. Qa4 Qc5 28. h4 $36) 27... Rd4 28. h4 Qc4 29. Qe5+ Qc7 30. Qg5 (30.
Qf6 Rd2 31. h5 Bd4 32. Qg5 $36) 30... Qd8 31. Qg7 Rd7 32. Qe5+ (32. h5 f6 33.
Qg4 $16) 32... Qc7 33. Qe4 Qc5 (33... Rd5 34. Qxb4 $18) 34. h5 Kc7 35. h6 Qd4
36. Qa8 (36. Qc6+ Kd8 37. h7 Ke7 38. Qc2 Rd8 $132) 36... Qb2 37. h7 Rd2 38.
Qb7+ $2 (38. Qc6+ Kd8 (38... Kb8 39. Qb7#) 39. h8=Q+ Qxh8 40. Qa8+ Ke7 41. Qxh8
$18) 38... Kd8 $2 (38... Kd6 $5) 39. Qb8+ (39. h8=Q+ Qxh8 40. Qb8+ $18) 39...
Ke7 40. Bc6 $2 {T/} (40. h8=Q Rxf2+ 41. Rxf2 Qxf2+ 42. Kh3 Qf1+ 43. Kh4 Qc4+
44. Bg4 $18) (40. Bc6 $2 Rxf2+ 41. Rxf2 Qxf2+ 42. Kh3 Qf5+ 43. Kg2 Qxh7 $17)
1-0

[Event "POL-chT 50th"]
[Site "Lubniewice"]
[Date "1994.??.??"]
[Round "1"]
[White "Jasnikowski, Zbigniew"]
[Black "Ivanov, Sergey"]
[Result "0-1"]
[WhiteElo "2445"]
[BlackElo "2490"]
[Annotator "Chekhov,V"]
[PlyCount "98"]
[EventDate "1994.09.22"]
[EventType "team-tourn"]
[EventRounds "11"]
[EventCountry "POL"]
[SourceTitle "CBM 044"]
[Source "ChessBase"]
[SourceDate "1995.02.01"]
[SourceVersion "1"]
[SourceVersionDate "1995.02.01"]
[SourceQuality "1"]
[WhiteTeam "Wroclaw Hetman"]
[BlackTeam "Bielsko-Biala Wlokniarz"]
[WhiteTeamCountry "POL"]
[BlackTeamCountry "POL"]

1. d4 d5 2. c4 e6 3. Nf3 Nf6 4. Nc3 c6 5. Bg5 dxc4 6. e4 b5 7. e5 h6 8. Bh4 g5
9. Nxg5 hxg5 10. Bxg5 Nbd7 11. exf6 Bb7 12. g3 c5 13. d5 Qb6 14. Bg2 b4 15. Na4
(15. O-O bxc3 16. dxe6 Ne5 17. Re1 Bxg2 18. Rxe5 Bc6 (18... Qc6 $5) 19. exf7+
Kxf7 20. Qg4 $16) 15... Qd6 $5 $146 16. Bf4 (16. O-O Bxd5 17. Bxd5 Qxd5 18.
Qxd5 exd5 19. Rfe1+ Kd8) 16... Qa6 (16... e5 17. Be3 Qxf6 18. O-O {/\a3}) 17.
O-O O-O-O 18. a3 $6 (18. dxe6 $5 Nxf6 (18... Bxg2 19. Kxg2 Qxe6 20. Qf3) (18...
Ne5 19. Qe2) 19. Bxb7+ Qxb7 20. Qe2 $132) 18... b3 19. Nc3 Nxf6 20. Qe2 (20.
Bg5 exd5 21. Qf3 Bg7 {/\d4}) 20... Nxd5 21. Nxd5 exd5 (21... Bxd5 $6 22. Bxd5
exd5 (22... Rxd5 23. Rac1) 23. Qe5 Bd6 24. Qxd5 Bxf4 25. Qf5+ $14) 22. Qe5 Bd6
23. Qf5+ Rd7 (23... Kb8 24. Qxf7 Rdf8 25. Bxd6+ Qxd6 26. Qg7 Rhg8 27. Qh7 Qf6)
24. Qf6 (24. Bh3 Rxh3 25. Qxh3 Bxf4 26. gxf4 d4) (24. Bxd6 Qxd6 25. Bh3 $13)
24... Rh5 25. Bf3 Bxf4 26. Qxf4 (26. Qxa6 Bxa6 27. Bxh5 Be5 28. Bg4 Bxb2 29.
Rab1 c3 $19) 26... Rh6 27. Bg4 Rf6 28. Bxd7+ $6 (28. Qe3 $5) 28... Kxd7 29.
Qg4+ Qe6 30. Qg8 d4 31. Rae1 Qc6 32. Qe8+ Kc7 33. Re7+ Kb6 34. Qd8+ Ka6 $19 35.
Rxb7 Kxb7 36. h4 d3 37. Qe7+ Kb6 38. h5 Qd6 39. Qe4 Qd4 40. Qa8 d2 41. Qb8+ Kc6
42. Qc8+ Kd5 43. Qb7+ (43. Qd7+ Ke4 44. Qe7+ Kd3 $19) 43... Kd6 44. Qb8+ Ke7
45. Qc7+ Kf8 46. Qc8+ Kg7 47. h6+ Kh7 48. Qf8 Rxf2 49. Rxf2 d1=Q+ 0-1

[Event "POL-ch 43rd"]
[Site "Bytom"]
[Date "1986.??.??"]
[Round "3"]
[White "Stempin, Pawel"]
[Black "Bany, Jerzy"]
[Result "1-0"]
[WhiteElo "2400"]
[BlackElo "2390"]
[Annotator "ChessBase"]
[PlyCount "63"]
[EventDate "1986.02.02"]
[EventType "tourn"]
[EventRounds "15"]
[EventCountry "POL"]
[EventCategory "6"]
[SourceTitle "MCL"]
[Source "ChessBase"]
[SourceDate "1999.07.01"]
[SourceVersion "1"]
[SourceVersionDate "1999.07.01"]
[SourceQuality "1"]

1. d4 d5 2. c4 c6 3. Nc3 Nf6 4. Nf3 e6 5. Bg5 dxc4 6. e4 b5 7. e5 h6 8. Bh4 g5
9. Nxg5 hxg5 10. Bxg5 Nbd7 11. exf6 Bb7 12. g3 Qb6 13. Bg2 O-O-O 14. O-O Bh6
15. Be3 Nxf6 16. Qf3 Bg7 17. a4 a6 (17... c5) 18. Rfc1 (18. Qe2) 18... Rd7 (
18... c5 19. Qxb7+ $1 Qxb7 20. Bxb7+ Kxb7 21. dxc5 Nd5 $5 (21... Ng4 22. c6+
$16)) 19. Qe2 Bh6 (19... Nd5 $5 20. Nxd5 cxd5 21. axb5 axb5 22. Qd2 e5 23. dxe5
d4 24. Bxb7+ Kxb7 25. Bf4 $13) 20. b3 Bxe3 21. fxe3 cxb3 22. Rab1 Kb8 23. Rxb3
Rc8 24. Rcb1 Qd8 25. Qf2 Ka8 26. axb5 cxb5 27. Nxb5 axb5 28. Rxb5 Nd5 29. Qa2+
Kb8 30. Ra1 Kc7 31. Rxb7+ Kxb7 32. Qa6+ 1-0

[Event "URS-ch49 Final"]
[Site "Frunze"]
[Date "1981.12.??"]
[Round "14"]
[White "Kasparov, Garry"]
[Black "Dorfman, Josif D"]
[Result "1-0"]
[WhiteElo "2630"]
[BlackElo "2505"]
[Annotator "ChessBase"]
[PlyCount "85"]
[EventDate "1981.11.28"]
[EventType "tourn"]
[EventRounds "17"]
[EventCountry "URS"]
[EventCategory "12"]
[SourceTitle "URS-ch"]
[Source "ChessBase"]
[SourceDate "1999.07.01"]
[SourceVersion "1"]
[SourceVersionDate "1999.07.01"]
[SourceQuality "1"]

1. d4 d5 2. c4 e6 3. Nf3 Nf6 4. Nc3 c6 5. Bg5 dxc4 6. e4 b5 7. e5 h6 8. Bh4 g5
9. Nxg5 hxg5 10. Bxg5 Nbd7 11. exf6 Bb7 12. g3 c5 13. d5 Qb6 14. Bg2 O-O-O 15.
O-O b4 16. Na4 Qb5 17. a3 Nb8 18. axb4 cxb4 19. Be3 Bxd5 20. Bxd5 Rxd5 21. Qe2
Nc6 22. Rfc1 Na5 23. b3 c3 24. Nxc3 bxc3 25. Rxc3+ Kd7 26. Qc2 Bd6 27. Rc1 Qb7
28. b4 Qxb4 29. Rb1 Qg4 30. Bxa7 Be5 31. Rc5 $1 (31. f3 Bd4+ $1 32. Kh1 (32.
Bxd4 Qxd4+ 33. Kh1 Kd6 $1) 32... Qxg3 33. Qa4+ Kd8 34. Rb8+ Qxb8 35. Bxb8 Bxc3)
31... Rxc5 (31... Ra8 32. Rxa5 $1 Rxa5 33. Rb7+ Ke8 34. Re7+ Kf8 35. Qh7 $18)
32. Bxc5 $1 (32. Qxc5 $2 Nc6 $1 33. Rb7+ Bc7 34. Bb6 Rc8) 32... Nc6 (32... Rc8
$2 33. Qd2+ $18) (32... Qc4 33. Qd2+ Kc6 34. Rb6+ $1 Kxc5 35. Qxa5+ Kd4 36. Rb4
$18) (32... Rb8 33. Rd1+ Ke8 34. f4 $1 $18) (32... Bc7 33. Qd3+ Kc8 34. Rb4 $1
Qf5 35. Qa6+ {/\ 36.Rd4 +-}) 33. Qd3+ Kc8 (33... Bd4 34. Rb7+ Ke8 35. Qb5 $18)
(33... Nd4 34. Rd1 Rh4 35. Qb5+ Kc8 36. Qa6+ Kc7 37. Bb6+ $1 $18) 34. Rd1 (34.
Qa6+ Kd7 35. Rb7+ Bc7 36. Rxc7+ $1 Kxc7 37. Qb6+ Kc8 $1 38. Qxc6+ Kb8 39. Qb6+
Kc8 40. Qa6+ Kc7 41. Bb6+ Kc6 42. Bd4+ $1 Kd7 (42... Kd5 43. Qb5+ Ke4 44. f3+
$1) 43. Qa4+ Kc8 44. Qa8+ {/\ 45.Qh8 +-}) 34... Nb8 (34... Rd8 35. Qa6+ $18)
35. Rc1 Qa4 36. Bd6+ Nc6 37. Bxe5 Rd8 38. Qb1 $1 Rd5 39. Qb8+ Kd7 40. Qc7+ Ke8
41. Qxc6+ Qxc6 42. Rxc6 Rxe5 43. Rc8+ (43. Rc8+ Kd7 44. Rf8) 1-0

[Event "URS-ch49 Final"]
[Site "Frunze"]
[Date "1981.12.??"]
[Round "13"]
[White "Kasparov, Garry"]
[Black "Timoscenko, Gennadij A"]
[Result "1-0"]
[WhiteElo "2630"]
[BlackElo "2510"]
[Annotator "ChessBase"]
[PlyCount "85"]
[EventDate "1981.11.28"]
[EventType "tourn"]
[EventRounds "17"]
[EventCountry "URS"]
[EventCategory "12"]
[SourceTitle "URS-ch"]
[Source "ChessBase"]
[SourceDate "1999.07.01"]
[SourceVersion "1"]
[SourceVersionDate "1999.07.01"]
[SourceQuality "1"]

1. d4 d5 2. c4 c6 3. Nf3 Nf6 4. Nc3 e6 5. Bg5 dxc4 6. e4 b5 7. e5 h6 8. Bh4 g5
9. Nxg5 hxg5 10. Bxg5 Nbd7 11. exf6 Bb7 12. g3 c5 13. d5 Qb6 (13... Nb6 14.
dxe6 $1 Qxd1+ 15. Rxd1 Bxh1 16. e7 a6 17. h4 $3 Bh6 18. f4 {+-
Polugajevsky-Torre/Moskau/1981/1-0/}) 14. Bg2 O-O-O 15. O-O b4 16. Na4 Qb5 $1 {
Zaichik-Timoshenko/Mai 1981/} (16... Qa6 $2 17. a3 $1 b3 18. Nc3 Nb6 19. Qg4
Nxd5 20. Nxd5 Bxd5 21. Bxd5 Rxd5 22. Rfd1 $18 {Razuvayev-Vaiser/Mai 1981/}) 17.
a3 $1 Nb8 (17... exd5 18. axb4 cxb4 19. Be3 $16 {Haritonov-Dorfman/Oktober1981/
}) 18. axb4 cxb4 19. Be3 Bxd5 20. Bxd5 Rxd5 21. Qe2 Nc6 22. Rfc1 Na5 (22... Kb7
23. Rxc4 Na5 24. b3 $1 $16 {Anikaev-Sveshnikov/Oktober 1981/} Nxb3 $2 25. Nc3
bxc3 26. Rxa7+ Kb8 27. Rxf7 $40 {+-}) (22... c3 $5 23. Qxb5 Rxb5 24. Nxc3 $1
bxc3 25. Rxc3 Kd7 (25... Kb7 26. Rac1) 26. Ra6 Nd8 27. Rxa7+ Ke8 28. Rc8 $16 {
Rashkovsky-Timoshenko/Oktober 1981/1/2/}) 23. b3 $1 (23. Bxa7 Kb7 24. Nb6 c3 $1
) 23... c3 (23... Nxb3 24. Rxc4+ Kd7 25. Nc3 $1 bxc3 26. Rxa7+ Kd8 27. Rxc3 $1
$40 {+/-/+-} Qxe2 $4 28. Bb6+ Ke8 29. Rc8+ Rd8 30. Rxd8#) 24. Nxc3 bxc3 25.
Rxc3+ Kd7 (25... Kb7 $2 26. Qc2 Bd6 27. b4 $1 Nc6 28. Rxc6 $1) 26. Qc2 Bd6 27.
Rc1 Qb7 {/\ 28... Rh2!} (27... Qb4 28. Rc7+ $1 Bxc7 29. Qxc7+ Ke8 30. Bc5 Qb7
31. Qxa5 $16) 28. b4 $1 Qxb4 $1 (28... Rxh2 29. Qa4+ $1 $18 Kd8 (29... Rb5 30.
Kxh2) 30. Rc8+) (28... Rb5 29. bxa5 Rxh2 30. Rc6 Rbh5 31. a6 $1 Rh1+ 32. Kg2
Rxc1 33. axb7 Rxc2 34. Rxd6+ Kc7 35. Rd7+ Kb8 36. Bf4+ e5 37. g4 $1) 29. Rb1 (
29. Rc7+ $2 Bxc7 30. Qxc7+ Ke8 31. Bc5 Qb7 32. Qxa5 $15) 29... Qg4 30. Bxa7 $3
{/\ 31.f3} (30. Bf4 Bxf4 31. Qa4+ Kd6 32. Re1 (32. Qb4+ Ke5 $1) 32... e5 $1 33.
Qb4+ Ke6 34. Qe7+ Kf5) (30. f3 Qf5 $1 (30... Qh3 $2 31. Rb7+ $3 Nxb7 32. Qa4+
Kd8 33. Bb6+ $1 $18) 31. Qa4+ Kd8 32. Rbc1 Qxf6) 30... e5 31. Qa2 $1 {>< Rd5}
Rd1+ (31... Qh3 32. f3 $1 Ke6 33. Rb5 $1 $18 (33. Rd1 $2 Qxh2+ $1)) (31... Ke6
32. f3 Qf5 33. Rd1 e4 34. fxe4 Qxe4 35. Rcd3 $18) (31... Qf5 $1 32. f3 $3 (32.
Re1 Ke6) (32. Rb7+ Nxb7 33. Qxd5 Qb1+ (33... Nd8 $2 34. Rd3 Qxf6 35. Bb8 Rh6
36. Bxd6 Qxd6 37. Qb5+) 34. Kg2 Nd8 35. Rb3 Qf5 $1 (35... Qc2 $2 36. Rb6 $1 Qc7
37. Qb5+ Ke6 38. Bb8) 36. Rb6 Qh3+ 37. Kf3 e4+ $1 38. Ke3 Qh6+) 32... Ra8 (
32... e4 $2 33. Qa4+ Ke6 34. fxe4) 33. Rbc1 Rxa7 34. Qxd5 Qxf6 35. Ra3 $1 {
+/-/+-}) 32. Rxd1 Qxd1+ 33. Kg2 Qh5 34. Qa4+ $1 (34. h4 $2 Nc6 $1) 34... Ke6
35. h4 $1 $18 Qe2 (35... e4 36. Qxe4+ Qe5 37. Qg4+ Qf5 38. Re3+ Be5 39. Qe2 $1
$18) 36. Qxa5 Ra8 (36... Qe4+ {>=}) 37. Qa4 Kxf6 38. Qd7 Kg7 39. Rf3 Qc4 40.
Qxd6 Rxa7 41. Qxe5+ Kh7 42. Rf5 Qc6+ 43. Kh2 1-0

[Event "Zagreb/ Rijeka"]
[Site "Zagreb/ Rijeka"]
[Date "1985.04.30"]
[Round "8"]
[White "Timman, Jan H"]
[Black "Ribli, Zoltan"]
[Result "1-0"]
[WhiteElo "2650"]
[BlackElo "2615"]
[Annotator "ChessBase"]
[PlyCount "57"]
[EventDate "1985.04.21"]
[EventType "tourn"]
[EventRounds "15"]
[EventCountry "CRO"]
[EventCategory "11"]
[SourceTitle "MCL"]
[Source "ChessBase"]
[SourceDate "1999.07.01"]
[SourceVersion "1"]
[SourceVersionDate "1999.07.01"]
[SourceQuality "1"]

1. d4 d5 2. c4 c6 3. Nc3 Nf6 4. Nf3 e6 5. Bg5 dxc4 6. e4 b5 7. e5 h6 8. Bh4 g5
9. Nxg5 hxg5 10. Bxg5 Nbd7 11. g3 Qa5 12. exf6 b4 13. Ne4 Ba6 14. Qf3 O-O-O 15.
Bg2 {[#]} Nb6 (15... Qd5 {Botvinnik} 16. O-O $1 e5 (16... c3 17. bxc3 $18) 17.
dxe5 Nxe5 18. Qf5+ $18) (15... c3 {Pinter}) 16. O-O $16 Rxd4 17. Be3 Rd7 18.
Rfc1 Nd5 19. a3 bxa3 20. Bd2 {[#]} Qc7 (20... Qxd2 21. Nxd2 axb2 22. Qe2 Nc3
23. Qe1 bxc1=Q 24. Rxc1 $16) 21. bxa3 $16 Qe5 22. Bf1 Qf5 23. Qxf5 (23. Qg2)
23... exf5 24. Ng5 Nxf6 (24... Bc5) 25. Bc3 Bg7 26. Rab1 Rg8 (26... Ne8 27.
Bxg7 Nxg7 28. Bxc4 Bxc4 29. Rxc4 Rc7 30. h4 $16) 27. Be5 Bb7 $2 (27... Rb7 28.
Rxb7 Kxb7 29. Nxf7 $16) 28. Bxc4 $18 Ng4 29. Nxf7 1-0

[Event "URS-ch57"]
[Site "Leningrad"]
[Date "1990.??.??"]
[Round "?"]
[White "Beliavsky, Alexander G"]
[Black "Novikov, Igor A"]
[Result "1-0"]
[WhiteElo "2605"]
[BlackElo "2575"]
[Annotator "ChessBase"]
[PlyCount "79"]
[EventDate "1990.10.??"]
[EventType "tourn"]
[EventRounds "13"]
[EventCountry "URS"]
[EventCategory "14"]
[SourceTitle "URS-ch"]
[Source "ChessBase"]
[SourceDate "1999.07.01"]
[SourceVersion "1"]
[SourceVersionDate "1999.07.01"]
[SourceQuality "1"]

1. d4 d5 2. c4 e6 3. Nc3 c6 4. Nf3 Nf6 5. Bg5 dxc4 6. e4 b5 7. e5 h6 8. Bh4 g5
9. Nxg5 hxg5 10. Bxg5 Nbd7 11. g3 Qa5 12. exf6 Ba6 13. a3 (13. Qf3 $5) 13...
O-O-O 14. Bg2 Nc5 15. O-O Nb3 16. Qf3 Bb7 (16... Nxd4 17. Qe4 Bb7 18. Rad1 Qb6
19. Be3 Bc5 20. Qe5 $16) 17. Rad1 b4 $1 (17... Nxd4) (17... Rd7 {/\ c5} 18. Qe3
Qb6 19. Ne2 c5 20. dxc5 Bxc5 $132) 18. Ne4 bxa3 19. bxa3 Bxa3 20. h4 (20. Be3
Qh5 21. Qxh5 Rxh5 {/\ Bb2, a5-a4-a3}) (20. Qe2 $5) 20... Bb4 (20... Nxd4 $2 21.
Rxd4 Rxd4 22. Ra1 c3 23. Bc1 Ra4 24. Nxc3 $18) (20... Bb2 21. Be3 Nxd4 22. Bxd4
Bxd4 23. Ng5 Qc7 24. Qe4 Bxf6 25. Nxe6 $1 $16) 21. Be3 Qb5 22. Nc5 (22. Ng5 Rd7
{/\ c3|^}) 22... a5 $1 23. Nxb7 Kxb7 24. Qe2 Rd7 $2 (24... Rd5 $1 {/\ a4-a3-/+}
) 25. Rc1 $1 Nxc1 26. Rxc1 Rd5 27. Rxc4 a4 28. Bf1 $1 $16 Ra8 29. Qa2 Bd6 (
29... a3 30. Rc1 Qa4 31. Be2 $5 {/\ h5-h6} (31. Rb1 Kc7 32. Be2 Bc3 $132)) 30.
Rc1 Qa5 31. Qc2 Qc7 32. Rb1+ Kc8 33. Qh7 Ra7 (33... a3 34. Qg8+ Qd8 35. Qxf7
$18) 34. h5 Qd8 35. h6 a3 36. Bc4 a2 37. Bxa2 $1 $18 Rxa2 38. Qxf7 Qf8 39. Qg7
$1 Rh5 40. Bf4 $1 1-0

[Event "Linares 14th"]
[Site "Linares"]
[Date "1997.02.05"]
[Round "2"]
[White "Nikolic, Predrag"]
[Black "Shirov, Alexei"]
[Result "1-0"]
[WhiteElo "2655"]
[BlackElo "2690"]
[Annotator "ChessBase"]
[PlyCount "87"]
[EventDate "1997.02.04"]
[EventType "tourn"]
[EventRounds "11"]
[EventCountry "ESP"]
[EventCategory "18"]
[SourceTitle "CBM 057"]
[Source "ChessBase"]
[SourceDate "1997.04.01"]
[SourceVersion "1"]
[SourceVersionDate "1997.04.01"]
[SourceQuality "1"]

1. d4 d5 2. c4 c6 3. Nc3 Nf6 4. Nf3 e6 5. Bg5 dxc4 6. e4 b5 7. e5 h6 8. Bh4 g5
9. Nxg5 hxg5 10. Bxg5 Nbd7 11. exf6 Bb7 12. g3 c5 13. d5 Qb6 14. Bg2 b4 15. O-O
O-O-O 16. Rb1 Qa6 17. dxe6 Bxg2 18. e7 Bxf1 19. Kxf1 (19. Qd5 Bh6 20. Bxh6 Bd3
21. Qa8+ (21. Ne4 Bxe4 22. Qxe4 Rde8 23. Bg7 Rh5 24. Rd1 Qb5 25. f4 c3 26. bxc3
c4 27. cxb4 Kc7 28. g4 Rh3 29. g5 Rd3 30. Rc1 c3 31. g6 fxg6 32. f7 Rxe7 33.
Qxe7 Qb6+ 34. Kf1 Qb5 35. Qe2 Qc4 36. Ke1 Kb7 37. Qg2+ Kc7 38. Qe2 Kb7 39. Qg2+
Kc7 40. Qe2 {1/2-1/2 Beliavsky,A-Shirov,A/EUCup f Ljubljana 1995}) 21... Nb8
22. exd8=Q+ Rxd8 23. Re1 bxc3 24. Bf4 Qb6 25. bxc3 Bf5 26. h4 Qb7 $1 27. Qxb7+
Kxb7 28. Re7+ Rd7 29. Bxb8 Kxb8 30. Rxd7 Bxd7 31. Kg2 Kc7 32. Kf3 Kd6 33. Kf4
Bc6 $1 {1/2-1/2 Azmaiparashvili,Z-Shirov,A/Madrid 1996 (41)}) 19... Qc6 (19...
bxc3 20. Qd5 Bxe7 21. fxe7 c2 22. exd8=Q+ Rxd8 23. Rc1 c3+ 24. Kg2 cxb2 25.
Qa8+ Nb8 26. Rxc2 Qb6 27. Bxd8 Kxd8 28. Qd5+ Nd7 29. Rd2 Qb5 30. a4 {1-0
Uhlmann,W-Alexandria,N/Halle 1981}) (19... Bxe7 20. fxe7 Rdg8 21. Ne4 Qc6 22.
Nd6+ Kb8 23. Bf4 Rxh2 24. Ke2 Ka8 25. Qc2 $14 {1/2-1/2 Kamsky,G-Kramnik,V/Dos
Hermanas 1996 (55)}) 20. exd8=Q+ Kxd8 21. Nd5 Rxh2 22. Kg1 Rh8 23. Bf4 Qe6 {
Dies ist der vorbereitete (?) neue Zug von Shirov, der die Partie nicht rettet.
Die eröffnungstheoretische Vorbereitung von Shirov stand in Linares nicht auf
höchstem Niveau.} (23... Bd6 24. Bxd6 Qxd6 25. Qf3 Ne5 26. Qe4 Re8 27. Ne3 Nc6
28. Qf3 Kc7 29. Nxc4 Qd4 30. b3 Qe4 31. Qxe4 Rxe4 32. Kg2 Ne5 33. Ne3 Kd7 34.
Rh1 Ke6 35. Rh8 Kxf6 36. Rc8 Nd3 37. Ra8 Rd4 38. Rxa7 $16 {Kramnik,V-Shirov,A/
Monaco blind 1996/1/2-1/2 (59)}) 24. Qf3 Qh3 25. Rd1 b3 26. a4 Qh2+ 27. Kf1
Qh1+ 28. Ke2 Qxf3+ 29. Kxf3 Kc8 30. g4 Rh3+ 31. Ke4 c3 32. bxc3 c4 33. Ne7+ Kd8
34. Nc6+ Ke8 35. Bg3 Nc5+ 36. Kd5 Nd3 37. Rb1 Kd7 38. Nb8+ Kc8 39. Kxc4 Nc5 40.
Nc6 Ne4 41. Ne7+ Kd7 42. Rd1+ Ke8 43. Nd5 Bd6 44. Re1 1-0

[Event "Bundesliga 9697"]
[Site "Germany"]
[Date "1997.??.??"]
[Round "?.3"]
[White "Rogozenco, Dorian"]
[Black "Mueller, Karsten"]
[Result "1-0"]
[WhiteElo "2530"]
[BlackElo "2500"]
[Annotator "ChessBase"]
[PlyCount "85"]
[EventDate "1996.10.12"]
[EventType "team-tourn"]
[EventRounds "15"]
[EventCountry "GER"]
[SourceTitle "GER-chT"]
[Source "ChessBase"]
[SourceDate "1999.07.01"]
[SourceVersion "1"]
[SourceVersionDate "1999.07.01"]
[SourceQuality "1"]
[WhiteTeam "Magdeburg"]
[BlackTeam "Hamburger SK"]
[WhiteTeamCountry "GER"]
[BlackTeamCountry "GER"]

1. d4 d5 2. Nf3 c6 3. c4 Nf6 4. Nc3 e6 5. Bg5 dxc4 6. e4 b5 7. e5 h6 8. Bh4 g5
9. Nxg5 hxg5 10. Bxg5 Nbd7 11. g3 Rg8 12. h4 Rxg5 13. hxg5 Nd5 14. g6 fxg6 15.
Qg4 Qe7 16. Bg2 Qf7 17. Be4 Ne7 18. Rh8 Bb7 19. Nxb5 cxb5 20. Bxb7 Rb8 (20...
Rd8 $5) 21. Be4 Nb6 22. Ke2 Rd8 23. Rah1 Kd7 (23... Rxd4 24. R1h7 Rxe4+ 25.
Qxe4 Qf5 26. Qxf5 gxf5 27. Rh6) 24. a4 Nf5 (24... a6 $5 25. axb5 axb5 26. Ra1
Rc8) 25. R1h7 Bg7 26. Rxd8+ Kxd8 27. a5 Nd5 28. Bxf5 exf5 29. Qf3 Nc7 30. Qc6
Qe6 31. Qc5 Qd7 32. Qxa7 Ke8 33. Qb7 Kf8 34. d5 Qxd5 35. Qxd5 Nxd5 {MultiMedia
files not imported} 36. a6 Nc7 37. a7 Kg8 38. e6 Kxh7 39. e7 Bxb2 40. a8=Q Nxa8
41. e8=Q Nb6 42. Qxb5 Bd4 43. Qb4 1-0

[Event "Altensteig"]
[Site "Altensteig"]
[Date "1994.??.??"]
[Round "10"]
[White "Dautov, Rustem"]
[Black "Gabriel, Christian"]
[Result "1-0"]
[WhiteElo "2630"]
[BlackElo "2545"]
[Annotator "Dautov,R"]
[PlyCount "75"]
[EventDate "1994.08.??"]
[EventType "tourn"]
[EventRounds "11"]
[EventCountry "GER"]
[EventCategory "12"]
[SourceTitle "CBM 043"]
[Source "ChessBase"]
[SourceDate "1994.12.01"]
[SourceVersion "1"]
[SourceVersionDate "1994.12.01"]
[SourceQuality "1"]

1. d4 d5 2. c4 c6 3. Nf3 Nf6 4. Nc3 e6 5. Bg5 dxc4 6. e4 b5 7. e5 h6 8. Bh4 g5
9. Nxg5 hxg5 10. Bxg5 Nbd7 11. g3 Rg8 12. h4 Rxg5 13. hxg5 Nd5 14. g6 fxg6 15.
Qg4 Qe7 16. Bg2 Bg7 $2 $146 (16... Qf7 17. Be4 Ne7 18. Nxb5 $1 cxb5 19. Bxa8
Nb6 20. Be4 Bd7 21. Rh8 Bc6 22. f3 $14 {Shirov-Morovic Fernandez/Las Palmas/
1994}) 17. Qxg6+ Qf7 18. Qg4 $16 Nf8 (18... Nxc3 19. bxc3 Bb7 20. Rh7 Kf8 21.
Ke2 $16 {/\Rah1}) 19. Ne4 Qe7 20. Rh5 {/\Rg5} a5 (20... Qb4+ 21. Kf1 Qxb2 22.
Nd6+ Kd8 23. Re1 $18) (20... a6 $142) 21. a4 (21. Rg5 $1 Ra7 22. Nd6+ Kd8 23.
a4 Nb4 (23... Bh6 24. Rg8 Bd7 25. Qg6 $18) 24. Kf1 $16) 21... Kd8 22. Nd6 Bd7
23. Rg5 Bh6 24. Rh5 Bg7 25. Rg5 Bh6 26. Rg8 {/\Qg6} Kc7 (26... Be8 27. axb5
cxb5 28. Bxd5 exd5 29. Rxa5 $1 $18) 27. Kf1 (27. axb5 cxb5 28. Qh5 Qh7 29. Qf7
Qc2 30. Bxd5 exd5 31. Qxd5 Bc6 $132) (27. Ke2 {/\Rh1} c3 28. bxc3 Nxc3+ 29. Kd3
b4 30. Rh1 Qh7+ $13) (27. Be4 Nf6 $1 28. exf6 Qxd6 29. axb5 Qb4+ 30. Kf1 Qxb5
$132) (27. Ra3 b4 28. Rf3 c3 $132) 27... bxa4 (27... Nf6 $2 28. Nxb5+ cxb5 29.
exf6 $18) (27... c3 28. bxc3 Nxc3 29. axb5 $16) (27... Kb6 28. Bf3 $16 {
/\Kg2,Rh1}) 28. Rxa4 Rb8 29. Nxc4 Rb4 30. Rxb4 Qxb4 31. Nd6 $1 $40 (31. Qe2 $2
c5 32. dxc5 Bb5 33. Rg4 Nf4 $1 $19) 31... Qxb2 32. Bxd5 exd5 (32... cxd5 33.
Qh4 Qc1+ 34. Kg2 $18 {/\Nf7}) 33. Qh4 Qc1+ 34. Kg2 $18 a4 (34... Ne6 35. Qe7
$18 {/\Rc8}) 35. Qe7 {/\e6} (35. Nf7 $1 $18) 35... Qe1 36. Rh8 a3 37. Ne8+ Kc8
(37... Kb6 38. Qc5+ Kb7 39. Nd6+ $18) (37... Kb8 38. Qd6+ Kb7 39. Qxh6 a2 40.
Nd6+ Kb6 41. Qxf8 a1=Q 42. Qd8+ Ka6 43. Qa8+ $18) (37... Kb7 38. Nf6 $1 Be3 (
38... a2 39. Nxd7 a1=Q 40. Nc5+ Kb6 41. Qb7+ Ka5 42. Nb3+ $18) 39. Ng4 $1 Bxd4
(39... a2 40. Rxf8 $18) 40. Rxf8 Qe4+ 41. f3 Qe2+ 42. Kh3 $18) 38. Rxh6 (38.
Rxh6 a2 39. Rxc6+ $1 $18) 1-0